| 000 | 00683nam a2200193 i 4500 | ||
|---|---|---|---|
| 001 | 134028 | ||
| 003 | ES-MaACL | ||
| 005 | 20230906194601.0 | ||
| 007 | t| | ||
| 008 | 070905s1982 sp |||| | spa d | ||
| 100 | 1 |
_aWard, Bernardo. _9116071 |
|
| 245 | 1 | 0 |
_aProyecto económico / _cBernardo Ward ; edición y estudio preliminar por Juan Luis Castellano Castellano. |
| 260 |
_aMadrid : _bInstituto de Estudios Fiscales, _c1982. |
||
| 300 |
_aLXIV, 352 p. ; _c21 cm. |
||
| 651 | 4 |
_aEspaña- _xPolítica económica- _yS.XVIII. _98413 |
|
| 700 | 1 |
_aCastellano Castellano, Juan Luis. _936513 |
|
| 710 | 2 |
_aInstituto de Estudios Fiscales (España) _9169207 |
|
| 852 |
_aES-MaACL _jL-3912 |
||
| 999 |
_c134028 _d134028 |
||